Informe final de la IV reunión de responsables gubernamentales de política comercial de América Latina y el Caribe

Guardado en:
書目詳細資料
企業作者: CEPAL
格式: Texto
出版: Santiago: CEPAL
標簽: 添加標簽
沒有標簽, 成為第一個標記此記錄!

MARC

LEADER 00000 a a2200000 04500
001 22765
003
040
090 |a 155800  
110 |a CEPAL  
245 |a Informe final de la IV reunión de responsables gubernamentales de política comercial de América Latina y el Caribe  
260 |a Santiago:   |b CEPAL  
300 |a 80 p.  
999 |c 3481  |d 3481